Автоматизированное проектирование средств и систем управления: учебное пособие
| Tác giả chính: | |
|---|---|
| Tác giả của công ty: | |
| Tóm tắt: | Заглавие с титульного экрана Электронная версия печатной публикации В учебном пособии изложены проблематика, постановка задачи, системный подход и структуризация процесса проектирования систем автоматического управления. Особое внимание уделено разработке математических моделей линейных, нелинейных и импульсных систем в виде аналитических соотношений и графических представлений. Реализация методов и подходов автоматизации решения задач синтеза, анализа устойчивости и качества процесса регулирования систем осуществляется с использованием MathCAD и MATLAB. Из многообразия систем автоматизированного проектирования печатных плат выбраны наиболее удобные и быстро изучаемые студентами программы. Приведено проектирование платы приемного пункта системы передачи информации, представлена разработка ее 3D-модели. Пособие предназначено для студентов, обучающихся по направлению 27.04.04 "Управление в технических системах" AM_TPU_network |
| Ngôn ngữ: | Tiếng Nga |
| Được phát hành: |
Томск, Изд-во ТПУ, 2016
|
| Những chủ đề: | |
| Truy cập trực tuyến: | http://www.lib.tpu.ru/fulltext2/m/2017/m012.pdf |
| Định dạng: | Điện tử Sách |
| KOHA link: | https://koha.lib.tpu.ru/cgi-bin/koha/opac-detail.pl?biblionumber=329698 |
MARC
| LEADER | 00000nam0a2200000 4500 | ||
|---|---|---|---|
| 001 | 329698 | ||
| 005 | 20260414132828.0 | ||
| 010 | |a 978-5-4387-0733-2 | ||
| 035 | |a (RuTPU)RU\TPU\book\355466 | ||
| 035 | |a RU\TPU\book\355449 | ||
| 090 | |a 329698 | ||
| 100 | |a 20170320d2016 m y0rusy50 ca | ||
| 101 | 0 | |a rus | |
| 102 | |a RU | ||
| 105 | |a a j 001zy | ||
| 135 | |a drcn ---uucaa | ||
| 181 | 0 | |a i |b e | |
| 182 | 0 | |a b | |
| 183 | 0 | |a cr |2 RDAcarrier | |
| 200 | 1 | |a Автоматизированное проектирование средств и систем управления |e учебное пособие |f Е. М. Яковлева |g Национальный исследовательский Томский политехнический университет (ТПУ) | |
| 203 | |a Текст |c электронный |b визуальный | ||
| 210 | |a Томск |c Изд-во ТПУ |d 2016 | ||
| 283 | |a online_resource |2 RDAcarrier | ||
| 300 | |a Заглавие с титульного экрана | ||
| 300 | |a Электронная версия печатной публикации | ||
| 330 | |a В учебном пособии изложены проблематика, постановка задачи, системный подход и структуризация процесса проектирования систем автоматического управления. Особое внимание уделено разработке математических моделей линейных, нелинейных и импульсных систем в виде аналитических соотношений и графических представлений. Реализация методов и подходов автоматизации решения задач синтеза, анализа устойчивости и качества процесса регулирования систем осуществляется с использованием MathCAD и MATLAB. Из многообразия систем автоматизированного проектирования печатных плат выбраны наиболее удобные и быстро изучаемые студентами программы. Приведено проектирование платы приемного пункта системы передачи информации, представлена разработка ее 3D-модели. Пособие предназначено для студентов, обучающихся по направлению 27.04.04 "Управление в технических системах" | ||
| 371 | 0 | |a AM_TPU_network | |
| 606 | 1 | |a Интеллектуальные САПР и АСУП |2 stltpush |3 (RuTPU)RU\TPU\subj\71271 |9 85240 | |
| 610 | 1 | |a электронный ресурс | |
| 610 | 1 | |a учебные пособия | |
| 610 | 1 | |a труды учёных ТПУ | |
| 610 | 1 | |a автоматизированное проектирование | |
| 610 | 1 | |a системы управления | |
| 610 | 1 | |a САУ | |
| 610 | 1 | |a математические модели | |
| 610 | 1 | |a MathCAD | |
| 610 | 1 | |a MATLAB | |
| 610 | 1 | |a конструкторское проектирование | |
| 610 | 1 | |a технологическое проектирование | |
| 610 | 1 | |a печатные платы | |
| 610 | 1 | |a электронные устройства | |
| 610 | 1 | |a 3D-модели | |
| 610 | 1 | |a линейные системы | |
| 610 | 1 | |a нелинейные системы | |
| 610 | 1 | |a импульсные системы | |
| 610 | 1 | |a технические системы | |
| 675 | |a 004.896(075.8) |v 4 | ||
| 700 | 1 | |a Яковлева |b Е. М. |c специалист в области автоматического управления |c доцент Томского политехнического университета |f 1946- |g Елена Максимовна |3 (RuTPU)RU\TPU\pers\27106 |9 12656 | |
| 712 | 0 | 2 | |a Национальный исследовательский Томский политехнический университет (ТПУ) |b Институт кибернетики (ИК) |b Кафедра автоматики и компьютерных систем (АИКС) |3 (RuTPU)RU\TPU\col\18698 |
| 801 | 1 | |a RU |b 63413507 |c 20131204 | |
| 801 | 2 | |a RU |b 63413507 |c 20171018 |g RCR | |
| 856 | 4 | 0 | |u http://www.lib.tpu.ru/fulltext2/m/2017/m012.pdf |z http://www.lib.tpu.ru/fulltext2/m/2017/m012.pdf |
| 942 | |c CF | ||